000 00340nam a2200145Ia 4500
008 231217s9999 xx 000 0 und d
041 _aEnglish
082 _a001.6424OFF SSI;1 R
100 _aSSI Press
245 0 _aOffice 2000 handbook
260 _cNULL
_bSSI Limited
_aChennai
300 _a299
650 _aOffice
942 _cAA
999 _c178104
_d178104